Brasil : (Record no. 191677)

MARC details
000 -CABECERA
campo de control de longitud fija 01749nab a2200313 a 4500
005 - FECHA Y HORA DE LA ÚLTIMA TRANSACCIÓN
campo de control 20210219163254.0
008 - ELEMENTOS DE LONGITUD FIJA--INFORMACIÓN GENERAL
campo de control de longitud fija 991125s1985 mx 000 0 spa u
035 ## - NÚMERO DE CONTROL DEL SISTEMA
Número de control de sistema UPN01000219578
049 ## - COLECCIÓN
Colección ART
100 1# - ASIENTO PRINCIPAL--NOMBRE PERSONAL
Nombre de persona Ferreira, Daniel Carvalho
100 1# - ASIENTO PRINCIPAL--NOMBRE PERSONAL
Filiación danielcarvalho.451@gmail.com
100 1# - ASIENTO PRINCIPAL--NOMBRE PERSONAL
Nombre de persona Simim, Thiago Aguiar
100 1# - ASIENTO PRINCIPAL--NOMBRE PERSONAL
Filiación thiago.simim@stud.uni-frankfurt.de
222 #0 - TÍTULO CLAVE
Título clave ICONOS : REVISTA DE CIENCIAS SOCIALES
245 00 - MENCIÓN DE TÍTULO
Título Brasil :
Resto del título entre la modernidad alternativa y la alternativa a la modernidad
260 ## - PUBLICACIÓN, DISTRIBUCIÓN, ETC.
Lugar de publicación, distribución, etc. Quito, Ecuador
300 ## - DESCRIPCIÓN FÍSICA
Extensión 79-93
362 0# - FECHAS DE PUBLICACIÓN Y/O DESIGNACIÓN SECUENCIAL
Fecha de publicación y/o designación secuencial 2017 Número 57
520 3# - NOTA DE RESUMEN, ETC.
Sumario, etc. En este artículo se analiza la crítica de la modernidad en el pensamiento social latinoamericano desde dos concepciones: la posición de Walter Mignolo en el grupo modernidad/colonialidad y la crítica del sociólogo brasileño Jessé Souza a lecturas sobre la no-modernidad en Brasil. La crítica de estas dos perspectivas arroja luz sobre la peculiar posición de Brasil: por un lado, se puede analizar su situación desde la amplia perspectiva de América Latina; o por el contrario, el país presenta peculiaridades que dificultan la tarea de hacer un sencillo sobrevuelo. El punto nodal entre estas interpretaciones está en la concepción de la modernidad (o modernización) periférica y alternativa, y en el papel que juega este concepto en ambas teorías
653 0# - TERMINO DE INDIZACION - NO CONTROLADO
Término no controlado BRASIL
653 0# - TERMINO DE INDIZACION - NO CONTROLADO
Término no controlado MODERNIDAD
653 0# - TERMINO DE INDIZACION - NO CONTROLADO
Término no controlado PENSAMIENTO SOCIAL
653 0# - TERMINO DE INDIZACION - NO CONTROLADO
Término no controlado PENSAMIENTO LATINOAMERICANO
653 0# - TERMINO DE INDIZACION - NO CONTROLADO
Término no controlado SOUZA, JESSE
856 4# - LOCALIZACIÓN Y ACCESO ELECTRÓNICOS
Identificador Uniforme del Recurso <a href="http://www.redalyc.org/articulo.oa?id=50950468006">http://www.redalyc.org/articulo.oa?id=50950468006</a>
856 4# - LOCALIZACIÓN Y ACCESO ELECTRÓNICOS
Identificador Uniforme del Recurso <a href="https://dialnet.unirioja.es/ejemplar/448342">https://dialnet.unirioja.es/ejemplar/448342</a>
856 4# - LOCALIZACIÓN Y ACCESO ELECTRÓNICOS
Identificador Uniforme del Recurso <a href="DOI: http://dx.doi.org/10.17141/iconos.57.2529">DOI: http://dx.doi.org/10.17141/iconos.57.2529</a>
905 ## - TIPO DE MATERIAL
Tipo de material Articulo

No items available.